[Event "Gibtelecom Masters"]
[Site "Catalan Bay ENG"]
[Date "2007.01.31"]
[Round "8"]
[White "Richardson,Kei"]
[Black "Abergel,T"]
[Result "0-1"]
[WhiteElo "2250"]
[BlackElo "2475"]
[EventDate "2007.01.23"]

1. Nf3 d5 2. d4 Nf6 3. Bf4 Bf5 4. e3 c6 5. c4 Qb6 6. Qb3 Qxb3 7. axb3 Nbd7
8. h3 e6 9. c5 a6 10. Nc3 Be7 11. Be2 O-O 12. O-O Rfe8 13. b4 h6 14. Nd2
Rac8 15. g4 Bg6 16. Bg3 Bd8 17. f4 Ne4 18. Ncxe4 Bxe4 19. Nxe4 dxe4 20. Bc4
Nf6 21. f5 Nd5 22. Rae1 Bc7 23. Bxc7 Rxc7 24. Bxd5 exd5 25. f6 Re6 26. fxg7
Kxg7 27. Kg2 Rf6 28. Kg3 Rxf1 29. Rxf1 f6 30. Kf4 Kg6 31. Rg1 Re7 32. h4
Re8 33. Rf1 Re7 34. Kg3 Rg7 35. Rf5 Re7 36. Rf1 Re8 37. Ra1 Re7 38. b5 axb5
39. Kf4 h5 40. gxh5+ Kxh5 41. Rg1 f5 42. Rg8 Kh6 43. Rg5 Rf7 44. b4 Rf8 45.
Rg2 Ra8 46. Ke5 Ra3 47. Re2 Kh5 48. Kd6 Kxh4 49. Kc7 Kg3 50. Kxb7 Kf3 51.
Rh2 Rxe3 52. Kxc6 Kg3 53. Rh8 f4 54. Rg8+ Kh2 55. Kxd5 f3 56. Rf8 Kg2 57.
Rg8+ Kh2 58. Rf8 0-1

[Event "Gibtelecom Masters"]
[Site "Catalan Bay ENG"]
[Date "2007.01.31"]
[Round "8"]
[White "Adnani,M"]
[Black "Smerdon,D"]
[Result "0-1"]
[WhiteElo "2265"]
[BlackElo "2460"]
[EventDate "2007.01.23"]

1. e4 e6 2. d4 d5 3. Nc3 Nf6 4. Bg5 Bb4 5. e5 h6 6. Bc1 Ne4 7. Qg4 g6 8.
Nge2 c5 9. a3 Ba5 10. b4 Nxc3 11. Nxc3 cxd4 12. Nb5 Bc7 13. f4 a5 14. Bd3
axb4 15. O-O Bd7 16. Rb1 bxa3 17. Bxa3 Bxb5 18. Bxb5+ Nc6 19. Rb3 Qd7 20.
Bc5 Ra2 21. Bxd4 Rxc2 22. f5 exf5 23. Qd1 Rc4 24. e6 Qd6 25. Rh3 f6 26.
Bxf6 O-O 27. Bxc4 dxc4 28. Bb2 h5 29. Qc1 Qxe6 30. Re1 Ne5 31. Kh1 f4 32.
Qa1 Re8 33. Rf3 g5 34. Rf2 Qd5 35. Qb1 Qd3 36. Qc1 b5 37. Rd2 Qf5 38. Qd1
f3 39. gxf3 Ba5 40. Rxe5 Rxe5 41. Bxe5 Bxd2 42. Qxd2 Qxe5 43. Qd8+ Kf7 44.
Qd7+ Kg6 45. Qc6+ Kf5 46. Qd7+ Kf4 47. Qf7+ Ke3 48. Kg2 c3 49. Qa7+ Kd2 50.
Qd7+ Ke1 0-1

[Event "Gibtelecom Masters"]
[Site "Catalan Bay ENG"]
[Date "2007.01.31"]
[Round "8"]
[White "Vijayalakshmi,S"]
[Black "Steel,H"]
[Result "1-0"]
[WhiteElo "2459"]
[BlackElo "2175"]
[EventDate "2007.01.23"]

1. d4 Nf6 2. c4 g6 3. g3 Bg7 4. Bg2 c6 5. e4 d6 6. Nc3 O-O 7. Nge2 e5 8.
O-O Nbd7 9. h3 Qa5 10. d5 cxd5 11. cxd5 Qd8 12. Be3 Nh5 13. Nc1 a6 14. Nd3
Nb6 15. Qb3 Nd7 16. Qb4 Qe7 17. g4 Nhf6 18. Rac1 h5 19. f3 Ne8 20. Rc2 Kh7
21. Rfc1 Bh6 22. Bxh6 Kxh6 23. Nd1 Ng7 24. Rc7 Rd8 25. a4 h4 26. a5 Kh7 27.
Ne3 Ne8 28. R7c3 Rb8 29. Nc4 g5 30. Bf1 Qf6 31. Bg2 Nf8 32. Ne3 Ng6 33. Nf5
Bxf5 34. exf5 Nf4 35. Qe4 Nxd3 36. Qxd3 Kh6 37. Bf1 Qe7 38. Qe3 Qd7 39. Bd3
Rdc8 40. Be4 Rxc3 41. Qxc3 Qb5 42. Rc2 b6 43. axb6 Qxb6+ 44. Kg2 Kg7 45.
Qc6 Qd4 46. Qc3 Nf6 47. Qxd4 exd4 48. Kf2 Rb3 49. Rc6 Nxe4+ 50. fxe4 Rxh3
51. Rxd6 Rh2+ 52. Kf3 Rxb2 53. Rxa6 Rb3+ 54. Kg2 Re3 55. d6 Rb3 56. d7 Rb8
57. Rd6 Rd8 58. f6+ Kg6 59. e5 Kh7 60. Rxd4 Kh6 61. Rd1 Kh7 62. Kf3 Kh6 63.
Ke4 Kg6 64. Rd2 Kh7 65. Kf5 Kg8 66. e6 1-0

[Event "Gibtelecom Masters"]
[Site "Catalan Bay ENG"]
[Date "2007.01.31"]
[Round "8"]
[White "Barrenechea Bahamonde,G"]
[Black "Bradford,J"]
[Result "0-1"]
[WhiteElo "2191"]
[BlackElo "2453"]
[EventDate "2007.01.23"]

1. e4 e6 2. d4 d5 3. e5 c5 4. c3 Nc6 5. Nf3 Qb6 6. Bd3 cxd4 7. cxd4 Bd7 8.
O-O Nxd4 9. Nbd2 Rc8 10. Nxd4 Qxd4 11. Nf3 Qb6 12. Ng5 f5 13. exf6 Nxf6 14.
Bxh7 Bd6 15. Be3 Qb4 16. Bg6+ Ke7 17. f4 Rh6 18. Bd3 b6 19. Qe2 Bc5 20.
Bxc5+ bxc5 21. Rae1 Qb6 22. f5 c4+ 23. Kh1 cxd3 24. Qxd3 Qd6 25. Nf3 Rch8
26. fxe6 Rxh2+ 27. Kg1 Qb6+ 28. Nd4 Bb5 29. Qa3+ Ke8 30. Rf4 Ne4 31. Rexe4
dxe4 32. Rxe4 Rh1+ 33. Kf2 Rf8+ 34. Kg3 Qc7+ 35. Kg4 Qh2 36. Qh3 Qxh3+ 37.
gxh3 Rg1+ 0-1

[Event "Gibtelecom Masters"]
[Site "Catalan Bay ENG"]
[Date "2007.01.31"]
[Round "8"]
[White "Arakhamia,K"]
[Black "Ramaswamy,A"]
[Result "1-0"]
[WhiteElo "2437"]
[BlackElo "2224"]
[EventDate "2007.01.23"]

1. e4 c5 2. Nf3 Nc6 3. d4 cxd4 4. Nxd4 Nf6 5. Nc3 d6 6. Bg5 e6 7. Qd2 Be7
8. O-O-O O-O 9. Nb3 a5 10. a4 Qb6 11. f3 Qb4 12. Bb5 Na7 13. Qe2 Nxb5 14.
axb5 e5 15. Bxf6 Bxf6 16. Nd5 Bg5+ 17. Kb1 Qa4 18. h4 Bd8 19. Nc3 Qb4 20.
Na2 Qa4 21. Rxd6 Be6 22. Rxe6 fxe6 23. Nc5 Qd4 24. Nxe6 Qd6 25. Nxf8 Qxf8
26. Qc4+ Qf7 27. Qxf7+ Kxf7 28. Nc3 Rc8 29. h5 Be7 30. Rd1 Ke6 31. Nd5 Bc5
32. c3 Bf2 33. Kc2 b6 34. Kd3 Rg8 35. Rf1 Bc5 36. Rh1 Kf7 37. b4 axb4 38.
cxb4 Bd4 39. Rc1 Ra8 40. Rc7+ Kg8 41. Ne7+ Kf8 42. Nc6 Ra1 43. Kc4 Rg1 44.
Kd5 Rxg2 45. Ke6 g6 46. h6 1-0

[Event "Gibtelecom Masters"]
[Site "Catalan Bay ENG"]
[Date "2007.01.31"]
[Round "8"]
[White "Gunnarsson,J"]
[Black "Mundaca,J"]
[Result "1-0"]
[WhiteElo "2419"]
[BlackElo "2167"]
[EventDate "2007.01.23"]

1. e4 c5 2. Nf3 Nc6 3. Bb5 g6 4. Bxc6 dxc6 5. d3 Bg4 6. h3 Bxf3 7. Qxf3 Bg7
8. a4 Nf6 9. O-O O-O 10. Nd2 Ne8 11. Qe2 Nd6 12. f4 Qd7 13. Nf3 f6 14. Bd2
Bh6 15. Rae1 Nf7 16. Qf2 b6 17. Qg3 e5 18. b3 Rae8 19. Re2 exf4 20. Bxf4
Bxf4 21. Qxf4 Ne5 22. Ref2 Nxf3+ 23. Rxf3 Qd4+ 24. Kh1 Qe5 25. Qd2 Kg7 26.
Qf2 Qd4 27. g4 Qxf2 28. R3xf2 Re5 29. Kg2 h6 30. h4 Rf7 31. Rf4 a5 32. c3
g5 33. hxg5 hxg5 34. R4f3 b5 35. c4 b4 36. Kf2 Kf8 37. Rh1 Re8 38. Rh8+ Ke7
39. Rxe8+ Kxe8 40. Rf5 Rh7 41. Rxc5 Kd7 42. Rxa5 Rh2+ 43. Ke3 Rb2 44. c5
Rxb3 45. Ra7+ Ke6 46. Rc7 Rb2 47. Rxc6+ Kd7 48. Rxf6 b3 49. Rb6 1-0

[Event "Gibtelecom Masters"]
[Site "Catalan Bay ENG"]
[Date "2007.01.31"]
[Round "8"]
[White "Ansell,S"]
[Black "Borvander,T"]
[Result "1/2-1/2"]
[WhiteElo "2393"]
[BlackElo "2161"]
[EventDate "2007.01.23"]

1. e4 e5 2. Nf3 Nc6 3. Bb5 a6 4. Ba4 Nf6 5. O-O b5 6. Bb3 Bc5 7. c3 d6 8.
d4 Bb6 9. h3 Bb7 10. Re1 O-O 11. Be3 h6 12. d5 Ne7 13. Bxb6 cxb6 14. Nbd2
Bc8 15. Nh4 g5 16. Qf3 Kg7 17. Nf5+ Nxf5 18. exf5 Bd7 19. Nf1 e4 20. Rxe4
Nxe4 21. Qxe4 Re8 22. Qf3 Re5 23. Ne3 f6 24. Rd1 Qc8 25. Bc2 Qc5 26. Rd4
Rh8 27. h4 Be8 28. Kf1 Bf7 29. Qg3 a5 30. f4 Rxe3 31. Qxe3 g4 32. Rd3 Qc7
33. Qe2 h5 34. Re3 Qc5 35. Re7 Rf8 36. Qe3 Qc4+ 37. Bd3 Qxd5 38. Qe2 Kg8
39. Bxb5 Qxf5 40. g3 Qd5 41. Kf2 Qc5+ 42. Kg2 Bd5+ 43. Kh2 Rf7 44. Re8+ Kg7
45. Bd3 Bf3 46. Qe3 Qd5 1/2-1/2

[Event "Gibtelecom Masters"]
[Site "Catalan Bay ENG"]
[Date "2007.01.31"]
[Round "8"]
[White "Nemcova,Kat"]
[Black "Dworakowska,J"]
[Result "0-1"]
[WhiteElo "2147"]
[BlackElo "2376"]
[EventDate "2007.01.23"]

1. e4 c6 2. d4 d5 3. Nd2 dxe4 4. Nxe4 Bf5 5. Ng3 Bg6 6. h4 h6 7. Nf3 Nd7 8.
h5 Bh7 9. Bd3 Bxd3 10. Qxd3 e6 11. Bf4 Qa5+ 12. Bd2 Bb4 13. c3 Be7 14. c4
Qc7 15. O-O-O Ngf6 16. Ne4 O-O 17. Nxf6+ Nxf6 18. Ne5 b5 19. cxb5 cxb5+ 20.
Kb1 Qb7 21. f3 Rfd8 22. g4 Qd5 23. Bc1 Nd7 24. Nxf7 Kxf7 25. Bxh6 Nf8 26.
Be3 Bf6 27. f4 Kg8 28. Rhf1 Rd6 29. f5 Rad8 30. fxe6 Rxe6 31. Rf5 Qe4 32.
Bf2 a6 33. g5 Bxd4 34. Qxe4 Rxe4 35. Kc2 Re2+ 36. Kb3 Rxb2+ 37. Ka3 Rxf2
0-1

[Event "Gibtelecom Masters"]
[Site "Catalan Bay ENG"]
[Date "2007.01.31"]
[Round "8"]
[White "Edwards,R"]
[Black "Klinova,M"]
[Result "1/2-1/2"]
[WhiteElo "2131"]
[BlackElo "2330"]
[EventDate "2007.01.23"]

1. d4 d6 2. e4 Nf6 3. Nc3 g6 4. Nge2 Bg7 5. g3 O-O 6. Bg2 Nc6 7. h3 e5 8.
Be3 exd4 9. Nxd4 Bd7 10. O-O Re8 11. Nde2 Rb8 12. g4 b5 13. a3 a5 14. Ng3
b4 15. axb4 axb4 16. Nce2 h6 17. Qd2 Kh7 18. b3 Ra8 19. Rxa8 Qxa8 20. Nf4
Qa5 21. Nd5 Nxd5 22. exd5 Ne7 23. Bd4 f5 24. Bxg7 Kxg7 25. Qd4+ Kf7 26. Re1
Qc5 27. Qd2 Ng8 28. Rxe8 Kxe8 29. gxf5 gxf5 30. Nh5 Kf7 31. Nf4 Nf6 32. Bf3
Qc3 33. Qxc3 bxc3 34. Ne2 Ng8 35. Nxc3 Kf6 36. Ne2 Ke5 37. c4 Nf6 38. Kg2
f4 39. h4 Ne4 40. Nc1 Kd4 41. Ne2+ Ke5 42. Nc1 Nd2 43. Nd3+ Kf5 44. Bd1 Ke4
45. Nb4 f3+ 46. Kg1 Bc8 47. Nc6 Kd3 48. Kh2 Kc3 49. Kg3 Nxb3 50. Bxf3 Kxc4
51. Ne7 Bb7 52. Nf5 Nd2 53. Bg2 Kc5 54. Ne3 Nc4 55. Nf5 Bxd5 56. Bxd5 Kxd5
57. Nxh6 Ke6 58. Kf4 Ne5 59. f3 c5 60. h5 c4 61. Ng4 c3 62. Nxe5 dxe5+ 63.
Ke3 Kf5 64. Kd3 Kg5 65. Kxc3 Kxh5 66. Kd3 1/2-1/2

[Event "Gibtelecom Masters"]
[Site "Catalan Bay ENG"]
[Date "2007.01.31"]
[Round "8"]
[White "Schuurman,P"]
[Black "Ocana Roca,J"]
[Result "1/2-1/2"]
[WhiteElo "2275"]
[BlackElo "2130"]
[EventDate "2007.01.23"]

1. d4 Nf6 2. c4 g6 3. Nc3 Bg7 4. e4 d6 5. Nf3 O-O 6. h3 e5 7. d5 c5 8. Bg5
a6 9. Nd2 Nbd7 10. Be2 Re8 11. h4 h6 12. Be3 Rb8 13. g4 Nh7 14. a3 Ndf8 15.
b4 b6 16. f3 f5 17. gxf5 gxf5 18. exf5 e4 19. Ndxe4 Bxc3+ 20. Nxc3 Rxe3 21.
Qd2 Re5 22. Ne4 Bxf5 23. Rg1+ Kh8 24. Qxh6 Qe7 25. O-O-O Bxe4 26. fxe4 Rxe4
27. Bd3 Rxh4 28. Qd2 Qe5 29. Kb1 Rh2 30. Rg2 Rxg2 31. Qxg2 Qg5 32. Qh2 Qe5
33. Qg2 Rb7 34. Rh1 Rg7 35. Qf3 Kg8 36. Qh3 cxb4 37. axb4 a5 38. Qc8 Qe7
39. b5 Qc7 40. Qa8 Qf7 41. Rf1 Qe7 42. Qb8 Rf7 43. Rg1+ Rg7 44. Rf1 Rf7 45.
Rg1+ Rg7 1/2-1/2

[Event "Gibtelecom Masters"]
[Site "Catalan Bay ENG"]
[Date "2007.01.31"]
[Round "8"]
[White "Rasch,H"]
[Black "Agdestein,Em"]
[Result "0-1"]
[WhiteElo "2272"]
[BlackElo "2116"]
[EventDate "2007.01.23"]

1. e4 e5 2. Nf3 Nc6 3. d4 exd4 4. Nxd4 Bc5 5. Be3 Qf6 6. Nb5 Bxe3 7. fxe3
Qh4+ 8. g3 Qd8 9. Qg4 g6 10. Qf4 d6 11. Bc4 Ne5 12. O-O Qe7 13. N1c3 g5 14.
Qf2 c6 15. Bxf7+ Kf8 16. Be6+ Kg7 17. Bxc8 Rxc8 18. Nd4 Nh6 19. Qe2 Rhf8
20. b3 Rce8 21. h3 g4 22. h4 Nf3+ 23. Kg2 Qe5 24. Qd3 a6 25. Rad1 d5 26.
exd5 c5 27. Ne6+ Rxe6 28. dxe6 Nf5 29. Ne4 N5xh4+ 30. Kh1 Qh5 31. Qc3+ Kh6
32. Nf6 Rxf6 0-1

[Event "Gibtelecom Masters"]
[Site "Catalan Bay ENG"]
[Date "2007.01.31"]
[Round "8"]
[White "Andreassen,L"]
[Black "Prasanna,Ra"]
[Result "1/2-1/2"]
[WhiteElo "2160"]
[BlackElo "2234"]
[EventDate "2007.01.23"]

1. d4 Nf6 2. Nf3 d5 3. c4 e6 4. Nc3 Bb4 5. cxd5 exd5 6. Bg5 Nbd7 7. e3 c5
8. Bb5 Qb6 9. Bxd7+ Bxd7 10. Bxf6 Qxf6 11. O-O Bxc3 12. bxc3 cxd4 13. cxd4
O-O 14. Ne5 Bb5 15. Re1 Qa6 16. a4 Bc4 17. Nxc4 dxc4 18. d5 Rac8 19. e4 Qa5
20. Qc2 Rfd8 21. Red1 a6 22. Rab1 b5 23. axb5 axb5 24. Qb2 Rc5 25. Qb4 Qc7
26. Qc3 f6 27. g3 Qd6 28. Rb4 Re8 29. f3 h6 30. Kg2 f5 31. Re1 fxe4 32.
fxe4 Qe5 33. Qxe5 Rxe5 34. Kg1 1/2-1/2

[Event "Gibtelecom Masters"]
[Site "Catalan Bay ENG"]
[Date "2007.01.31"]
[Round "8"]
[White "Kvisla,J"]
[Black "Werner,Di"]
[Result "1-0"]
[WhiteElo "2134"]
[BlackElo "2353"]
[EventDate "2007.01.23"]

1. d4 Nf6 2. Bg5 e6 3. e3 c5 4. Nd2 cxd4 5. exd4 Be7 6. c3 b6 7. Ngf3 Bb7
8. Bd3 d6 9. O-O Nbd7 10. a4 a6 11. Qe2 h6 12. Bxf6 Nxf6 13. Ne4 Nd5 14.
Qd2 O-O 15. Ng3 Re8 16. Bc2 Bf8 17. Rfe1 g6 18. Be4 Qd7 19. h4 f5 20. Bc2
Nf6 21. Qd3 Bd5 22. c4 Bxf3 23. Qxf3 d5 24. h5 dxc4 25. hxg6 Qxd4 26. Qb7
Qd7 27. Qxb6 Nd5 28. Qd4 Qg7 29. Rad1 Qxd4 30. Rxd4 Nb4 31. Rxc4 Kg7 32.
Rc7+ Kxg6 33. Bd1 Kg5 34. Bh5 Rec8 35. Rxc8 Rxc8 36. Rxe6 Nd3 37. Rg6+ Kf4
38. Ne2+ Ke5 39. Rxa6 Rb8 40. f4+ Ke4 41. Re6+ Kd5 42. Bf7 Kc5 43. Re8 Rxb2
44. Rc8+ Kb4 45. Rb8+ Kxa4 46. Nc3+ Ka5 47. Rxf8 Nxf4 48. Ra8+ Kb4 49. Nd5+
Nxd5 50. Rb8+ 1-0

[Event "Gibtelecom Masters"]
[Site "Catalan Bay ENG"]
[Date "2007.01.31"]
[Round "8"]
[White "Wallace,P"]
[Black "Walton,C"]
[Result "1-0"]
[WhiteElo "2274"]
[BlackElo "2135"]
[EventDate "2007.01.23"]

1. e4 e6 2. d4 d5 3. Nd2 Nf6 4. e5 Nfd7 5. Bd3 c5 6. c3 Nc6 7. Ne2 Qb6 8.
Nf3 cxd4 9. cxd4 Bb4+ 10. Kf1 f6 11. Qc2 fxe5 12. dxe5 h6 13. Bg6+ Kd8 14.
Be3 Bc5 15. Bxc5 Qxc5 16. Qxc5 Nxc5 17. Ned4 Bd7 18. Rc1 Nxd4 19. Nxd4 Rc8
20. Ke2 Ke7 21. f4 Na6 22. Ke3 Nb4 23. h4 a6 24. a3 Nc6 25. b4 Rhf8 26. g3
Na7 27. Rhf1 Bb5 28. Rfd1 Ba4 29. Re1 Be8 30. Rxc8 Nxc8 31. Bd3 Nb6 32. Rc1
Bd7 33. Rc7 Rb8 34. f5 Kd8 35. Nxe6+ Bxe6 36. Rxg7 Bd7 37. e6 Kc7 38. exd7
Nxd7 39. Kd4 Kd6 40. Rg6+ Ke7 41. g4 Nf6 42. g5 hxg5 43. hxg5 Nh5 44. Rb6
Nf4 45. Bxa6 Rf8 46. f6+ Kd7 47. Rxb7+ Kc6 48. Re7 Kd6 49. Bb7 Ne6+ 50.
Rxe6+ Kxe6 51. Bxd5+ Kf5 52. f7 Kxg5 53. a4 Kf6 54. a5 Ke7 55. a6 Rb8 56.
Kc5 Rc8+ 57. Bc6 Rc7 58. Kb6 Kd8 59. f8=Q+ 1-0

[Event "Gibtelecom Masters"]
[Site "Catalan Bay ENG"]
[Date "2007.01.31"]
[Round "8"]
[White "Simpson,J"]
[Black "Player,E"]
[Result "1-0"]
[WhiteElo "2267"]
[BlackElo "2142"]
[EventDate "2007.01.23"]

1. d4 d5 2. Nf3 Nf6 3. c4 dxc4 4. e3 e6 5. Bxc4 c5 6. O-O a6 7. a4 Nc6 8.
Qe2 Qc7 9. Nc3 Bd6 10. h3 O-O 11. Rd1 b6 12. dxc5 bxc5 13. e4 Ne5 14. Bg5
Nfd7 15. Nd2 Nc6 16. Nf3 Nde5 17. Be3 Nd4 18. Nxd4 cxd4 19. Rxd4 Bc5 20.
Ba2 Bxd4 21. Bxd4 Rd8 22. Be3 Nc6 23. f4 Nb4 24. Bb1 Bb7 25. a5 Rd7 26. Ra4
Qd6 27. e5 Qe7 28. f5 exf5 29. Bxf5 Bc6 30. Bxd7 Bxd7 31. Ra1 Qxe5 32. Rd1
Bc6 33. Qd2 Qxa5 34. Qd6 Rc8 35. Bc5 Nc2 36. b4 Nxb4 37. Bxb4 Qb6+ 38. Kh2
Qe3 39. Qxc6 1-0

[Event "Gibtelecom Masters"]
[Site "Catalan Bay ENG"]
[Date "2007.01.31"]
[Round "8"]
[White "Malmdin,N"]
[Black "Vinas Guerrero,C"]
[Result "1-0"]
[WhiteElo "2231"]
[BlackElo "2124"]
[EventDate "2007.01.23"]

1. e4 c5 2. Nf3 d6 3. d4 cxd4 4. Nxd4 Nf6 5. Nc3 a6 6. g3 e5 7. Nb3 Be7 8.
Bg2 O-O 9. a4 Bg4 10. f3 Be6 11. Nd5 Nxd5 12. exd5 Bf5 13. O-O Bg5 14. f4
exf4 15. Nd4 Bc8 16. Bxf4 Bxf4 17. Rxf4 Nd7 18. Qd2 Ne5 19. b3 Bg4 20. Raf1
Qd7 21. c4 Rae8 22. Be4 Ng6 23. Bf5 Bxf5 24. Rxf5 Qe7 25. R5f2 Qe3 26. Nf5
Qxd2 27. Rxd2 Rd8 28. Re1 Ne5 29. Rxe5 dxe5 30. c5 Rd7 31. b4 g6 32. Ne3
Rfd8 33. d6 f6 34. Nc4 Kf8 35. Nb6 Ke8 36. b5 axb5 37. axb5 Rb8 38. Kf2 Kd8
39. Ke3 Ke8 40. Ke4 Rbd8 41. Nxd7 Kxd7 42. Kd5 Rc8 43. Ra2 e4 44. c6+ bxc6+
45. bxc6+ Kd8 46. Ra7 1-0

[Event "Gibtelecom Masters"]
[Site "Catalan Bay ENG"]
[Date "2007.01.31"]
[Round "8"]
[White "Tredinnick,M"]
[Black "Savory,R"]
[Result "0-1"]
[WhiteElo "2189"]
[BlackElo "2119"]
[EventDate "2007.01.23"]

1. c4 e5 2. g3 Nf6 3. Bg2 c6 4. d4 d6 5. Nc3 Qb6 6. Nf3 e4 7. Ng5 d5 8.
cxd5 cxd5 9. O-O Nc6 10. Nh3 Qxd4 11. Nf4 Be6 12. Qc2 Qb6 13. Rd1 Rd8 14.
Nxe6 fxe6 15. Bh3 Kf7 16. Bg5 Be7 17. Rac1 Ng4 18. Bxg4 Bxg5 19. e3 h5 20.
Bh3 Rh6 21. Ne2 h4 22. g4 Bxe3 23. fxe3 Qxe3+ 24. Kh1 Qxh3 25. Rf1+ Rf6 26.
Nf4 Qxg4 27. Qb3 Rxf4 28. Qxb7+ Ne7 29. Rg1 Qf3+ 0-1

[Event "Gibtelecom Masters"]
[Site "Catalan Bay ENG"]
[Date "2007.01.31"]
[Round "8"]
[White "Menon,Sh"]
[Black "Arsenault,N"]
[Result "1/2-1/2"]
[WhiteElo "2194"]
[BlackElo "2112"]
[EventDate "2007.01.23"]

1. c4 Nf6 2. Nf3 e6 3. g3 a6 4. Bg2 b5 5. Ne5 c6 6. d4 bxc4 7. Nxc4 d5 8.
Ne5 Bd6 9. Nc3 O-O 10. Nd3 Nbd7 11. Bf4 Qe7 12. Qa4 Bb7 13. Qa5 e5 14. dxe5
Nxe5 15. Bxe5 Bxe5 16. Nxe5 Qxe5 17. O-O Rab8 18. Rfd1 Bc8 19. Rd2 Bf5 20.
e3 h5 21. Qxa6 h4 22. Qxc6 Rfc8 23. Qa6 Rxc3 24. bxc3 hxg3 25. hxg3 Ne4 26.
Rd4 Nxf2 27. Kxf2 Rb2+ 28. Kg1 Qxg3 29. Qa8+ Kh7 30. Qxd5 Qxe3+ 31. Kh1
Qh6+ 32. Kg1 Qe3+ 33. Kh1 Qh6+ 34. Kg1 1/2-1/2

[Event "Gibtelecom Masters"]
[Site "Catalan Bay ENG"]
[Date "2007.01.31"]
[Round "8"]
[White "Compton,A"]
[Black "Fogel,P"]
[Result "1/2-1/2"]
[WhiteElo "2093"]
[BlackElo "2193"]
[EventDate "2007.01.23"]

1. e4 c5 2. Nc3 Nc6 3. f4 g6 4. Nf3 Bg7 5. Bb5 Nd4 6. O-O Nxb5 7. Nxb5 d5
8. exd5 a6 9. Nc3 Nf6 10. d4 c4 11. Ne5 Nxd5 12. Qf3 e6 13. Ne4 O-O 14. c3
f5 15. Ng5 Qc7 16. Qh3 Nf6 17. Be3 Re8 18. Rae1 b5 19. d5 exd5 20. Bd4 Nh5
21. Kh1 Bd7 22. Qf3 Nf6 23. Qh3 Nh5 24. Qf3 Nf6 25. Qh3 Nh5 1/2-1/2

[Event "Gibtelecom Masters"]
[Site "Catalan Bay ENG"]
[Date "2007.01.31"]
[Round "8"]
[White "Helin,M"]
[Black "Spence,D"]
[Result "0-1"]
[WhiteElo "1951"]
[BlackElo "2166"]
[EventDate "2007.01.23"]

1. e4 e6 2. Nf3 d5 3. e5 c5 4. b4 cxb4 5. d4 Nc6 6. a3 f6 7. axb4 Bxb4+ 8.
c3 Be7 9. Bd3 Qc7 10. Kf1 Nh6 11. Na3 Nf7 12. h4 Bd7 13. Rh3 fxe5 14. dxe5
Ncxe5 15. Bf4 Bd6 16. Nd4 Nxd3 17. Nab5 Bxb5 18. Nxb5 Qc4 19. Nxd6+ Nxd6
20. Ra4 Nxf2+ 21. Rxc4 Nxd1 22. Rc7 O-O 23. g3 e5 24. Ke2 Nxc3+ 25. Rxc3
exf4 26. gxf4 Rae8+ 27. Kd1 Rxf4 28. h5 Ne4 29. Rce3 d4 30. Rhf3 dxe3 31.
Rxf4 Nc3+ 32. Ke1 Rd8 33. Kf1 Rd1+ 34. Kg2 e2 0-1

[Event "Gibtelecom Masters"]
[Site "Catalan Bay ENG"]
[Date "2007.01.31"]
[Round "8"]
[White "Coimbra,M"]
[Black "Saint Amand,P"]
[Result "1/2-1/2"]
[WhiteElo "2061"]
[BlackElo "2150"]
[EventDate "2007.01.23"]

1. e4 c5 2. Nc3 Nc6 3. g3 g6 4. Bg2 Bg7 5. d3 d6 6. Be3 Nh6 7. h3 f5 8. Qd2
Nf7 9. f4 O-O 10. Nf3 Nd4 11. O-O Rb8 12. Nh4 b6 13. Nd1 Qd7 14. c3 Nb5 15.
Bf2 e6 16. Ne3 Bb7 17. Qc2 d5 18. a4 Nc7 19. e5 d4 20. cxd4 cxd4 21. Nc4
Bxg2 22. Kxg2 g5 23. Nf3 gxf4 24. gxf4 Bh6 25. Bxd4 Nd5 26. Kh1 Bxf4 27.
Rg1+ Kh8 28. Rg2 Rg8 29. Rag1 Rxg2 30. Qxg2 Nh6 31. Nd6 Rg8 32. Qc2 Rxg1+
33. Kxg1 Nc7 34. b3 Qg7+ 35. Qg2 Qd7 36. Nh4 Qe7 37. Nhxf5 Qf8 38. Nxh6
Bxh6 39. Qb7 Qe7 40. Qf3 Qg5+ 41. Kh1 Qc1+ 42. Bg1 Bf4 43. Qg2 h6 44. Qg6
Qc6+ 45. Qg2 Qc1 46. Qg6 Qc6+ 47. Qg2 Qc1 1/2-1/2

[Event "Gibtelecom Masters"]
[Site "Catalan Bay ENG"]
[Date "2007.01.31"]
[Round "8"]
[White "Van Kemenade,R"]
[Black "Meenakshi,S1"]
[Result "0-1"]
[WhiteElo "2048"]
[BlackElo "2293"]
[EventDate "2007.01.23"]

1. e4 g6 2. d4 Bg7 3. Nc3 d6 4. Nge2 e5 5. h3 Nc6 6. Be3 f5 7. d5 Nce7 8.
f4 fxe4 9. Nxe4 Nf5 10. Bf2 exf4 11. Nxf4 Qe7 12. Bd3 Nf6 13. O-O Nxe4 14.
Bxe4 O-O 15. Re1 Qg5 16. Ne6 Bxe6 17. dxe6 c6 18. c4 Be5 19. Qb3 Qf4 20. g3
Nxg3 21. Bxg3 Qxg3+ 22. Qxg3 Bxg3 23. Re2 Rae8 24. Kg2 Be5 25. c5 Rxe6 26.
cxd6 Rxd6 27. Rae1 Rfd8 28. Bxc6 Rxc6 29. Rxe5 Rc2+ 30. Kg3 Rxb2 31. Re7
Rf8 32. a4 Rb3+ 33. Kg2 Rf7 34. R7e4 Kg7 35. R1e2 b6 36. Rd2 a6 37. Rd6 Rc7
38. a5 Rc2+ 39. Kf1 Rb1+ 40. Re1 Rxe1+ 41. Kxe1 bxa5 42. Rxa6 Rh2 43. Rxa5
Rxh3 0-1

[Event "Gibtelecom Masters"]
[Site "Catalan Bay ENG"]
[Date "2007.01.31"]
[Round "8"]
[White "Klokas,K"]
[Black "Hocevar,N"]
[Result "1/2-1/2"]
[WhiteElo "2231"]
[BlackElo "2111"]
[EventDate "2007.01.23"]

1. e4 c5 2. Nf3 Nc6 3. d4 cxd4 4. Nxd4 g6 5. c4 Nf6 6. Nc3 Nxd4 7. Qxd4 d6
8. Bg5 Bg7 9. Qd2 h6 10. Be3 Be6 11. f3 Rc8 12. b3 b5 13. e5 Nd7 14. Nxb5
Nxe5 15. Rc1 a5 16. Be2 h5 17. O-O O-O 18. Nd4 Bd7 19. h3 Nc6 20. Nb5 Be6
21. Rfd1 a4 22. b4 Ne5 23. Na3 Qc7 24. f4 Nd7 25. Bf3 Qb8 26. b5 Nc5 27.
Qb4 Bf5 28. Be2 Qb7 29. Nb1 Be4 30. Bf1 Bxb1 31. Qxb1 a3 32. Be2 Bb2 33.
Rc2 Qe4 34. Bxc5 Rxc5 35. Rxb2 Qe3+ 36. Kh1 axb2 37. Qxb2 Qxf4 38. a4 d5
39. Qb4 Qf2 40. Bd3 dxc4 41. Bxc4 Rfc8 42. b6 Rxc4 43. b7 Rxb4 44. bxc8=Q+
Kh7 45. a5 Rb2 46. Qc6 Rc2 47. Qb7 Rb2 1/2-1/2

[Event "Gibtelecom Masters"]
[Site "Catalan Bay ENG"]
[Date "2007.01.31"]
[Round "8"]
[White "Narayanan,S"]
[Black "Pettersen,J"]
[Result "1-0"]
[WhiteElo "2229"]
[BlackElo "2032"]
[EventDate "2007.01.23"]

1. e4 c5 2. Nf3 Nc6 3. d4 cxd4 4. Nxd4 g6 5. c4 Bg7 6. Be3 Nf6 7. Nc3 d6 8.
Be2 Nxd4 9. Bxd4 O-O 10. O-O Bd7 11. f3 Bc6 12. Qd2 Nd7 13. Bf2 a5 14. b3
Nc5 15. Rab1 h5 16. Rfc1 Kh7 17. Rc2 Bh6 18. Qd1 Qd7 19. a3 Rfc8 20. b4 Ba4
21. bxc5 Bxc2 22. Qxc2 dxc5 23. Nd5 1-0

[Event "Gibtelecom Masters"]
[Site "Catalan Bay ENG"]
[Date "2007.01.31"]
[Round "8"]
[White "Dimitrijevic,Dragan"]
[Black "Ashby,Ant"]
[Result "1-0"]
[WhiteElo "2052"]
[BlackElo "2226"]
[EventDate "2007.01.23"]

1. d4 Nf6 2. c4 g6 3. Nc3 Bg7 4. e4 d6 5. Nf3 O-O 6. Be2 Nbd7 7. Bg5 c5 8.
d5 h6 9. Bh4 a6 10. a4 Rb8 11. Nd2 Qe8 12. f4 e6 13. O-O exd5 14. cxd5 Nb6
15. a5 Na8 16. Bf2 b5 17. e5 dxe5 18. Bxc5 e4 19. Nb3 Qd8 20. Nd4 Bb7 21.
Bxf8 Qxf8 22. Kh1 Rd8 23. Qb1 Nxd5 24. Nxd5 Bxd5 25. Rd1 Bb7 26. Nb3 Re8
27. Qc2 Qb4 28. Rd7 Bc8 29. Ra7 Be6 30. Qc6 Qf8 31. Nc5 1-0

[Event "Gibtelecom Masters"]
[Site "Catalan Bay ENG"]
[Date "2007.01.31"]
[Round "8"]
[White "Nordstrom,F"]
[Black "Strand,H"]
[Result "1/2-1/2"]
[WhiteElo "2199"]
[BlackElo "2015"]
[EventDate "2007.01.23"]

1. d4 e6 2. c4 c5 3. Nf3 cxd4 4. Nxd4 Nf6 5. Nc3 Nc6 6. Ndb5 d5 7. cxd5
Nxd5 8. Nxd5 exd5 9. e3 a6 10. Nd4 Bc5 11. Nxc6 bxc6 12. Bd3 Bd6 13. O-O
Qh4 14. f4 O-O 15. Qc2 Bb7 16. e4 c5 17. exd5 Bxd5 18. Rd1 Rfe8 19. Bf1 Be4
20. Qf2 Qf6 21. Be3 Rab8 22. b3 a5 23. Rac1 Bc6 24. Bxc5 Bxf4 25. Rc4 Re4
26. Rxe4 Bxe4 27. g3 Be5 28. Qxf6 Bxf6 29. Bc4 Bf5 30. Kf2 h6 31. Be3 Rb7
32. h4 Bc3 33. Rd8+ Kh7 34. Bd2 Bxd2 35. Rxd2 Be6 36. Bxe6 fxe6 37. Rd6 a4
38. Rxe6 axb3 39. axb3 Rxb3 40. Ra6 Rc3 1/2-1/2

[Event "Gibtelecom Masters"]
[Site "Catalan Bay ENG"]
[Date "2007.01.31"]
[Round "8"]
[White "Soraas,T"]
[Black "Cardenas Romo,A"]
[Result "1-0"]
[WhiteElo "2155"]
[BlackElo "1891"]
[EventDate "2007.01.23"]

1. e4 d5 2. Nc3 d4 3. Nce2 e5 4. Nf3 Nc6 5. Ng3 Bd7 6. Bb5 f6 7. c3 Bc5 8.
a4 a6 9. Bc4 h5 10. Nxh5 Qe7 11. Nh4 dxc3 12. O-O cxd2 13. Bxd2 O-O-O 14.
Ng6 Be8 1-0